Consumerism: global and indian perspectives (Record no. 2653)

MARC details
000 -LEADER
fixed length control field 00604 a2200181 4500
001 - CONTROL NUMBER
control field 069043
003 - CONTROL NUMBER IDENTIFIER
control field OSt
005 - DATE AND TIME OF LATEST TRANSACTION
control field 20220401121720.0
008 - FIXED-LENGTH DATA ELEMENTS--GENERAL INFORMATION
fixed length control field
082 ## - DEWEY DECIMAL CLASSIFICATION NUMBER
Classification number 381.340954
Item number C76C
245 1# - TITLE STATEMENT
Title Consumerism: global and indian perspectives
Statement of responsibility, etc edited by J.S. Panwar
260 ## - PUBLICATION, DISTRIBUTION, ETC. (IMPRINT)
Place of publication, distribution, etc Jaipur
Name of publisher, distributor, etc RBSA Publishers
Date of publication, distribution, etc 2006
300 ## - PHYSICAL DESCRIPTION
Extent 224p.
653 ## - INDEX TERM--UNCONTROLLED
Uncontrolled term India; Developing countries; Consumer protection; Consumer protection--Citizen participation; Consumer protection--Law and legislation
700 ## - ADDED ENTRY--PERSONAL NAME
Personal name Panwar, J.S.
Relator term Editor
700 ## - ADDED ENTRY--PERSONAL NAME
Personal name Mathur, Navin
Relator term Editor
942 ## - ADDED ENTRY ELEMENTS (KOHA)
Source of classification or shelving scheme Dewey Decimal Classification
Koha item type Books
Holdings
Withdrawn status Lost status Source of classification or shelving scheme Damaged status Not for loan Collection code Home library Current library Date acquired Source of acquisition Cost, normal purchase price Total Checkouts Full call number Barcode Date last seen Price effective from Koha item type
    Dewey Decimal Classification     General Text Book Central University Of Rajasthan Central University Of Rajasthan 07/03/2012 MGM 600.00   381.340954 C76C 3330 21/11/2024 02/09/2020 Books